Sparks - Coldplay (lyrics) - Statistics

General Stats
  • This quiz has been taken 209 times
  • The average score is 83 of 105
Answer Stats
Lyrics % Correct
I
99%
you
98%
You
98%
know
88%
know"
88%
know,
88%
"Oh,
88%
"Oh"
88%
Oh,
88%
sparks
88%
what
88%
do
86%
saw
86%
say
86%
say,
86%
that
86%
Yeah,
86%
yeah,
86%
away?
82%
Did
81%
I'll
81%
drive
80%
for
78%
that's
78%
look
76%
out
76%
always
75%
But
74%
this
74%
let
73%
on
73%
down
72%
promise
72%
And
71%
to
71%
was
70%
won't
69%
you'll
69%
it
67%
wrong
66%
is
63%
My
61%
heart
60%
sing
60%
Sing
60%
yours
60%
we
59%
will,
59%
will
59%
cry
56%
hold
56%
It's
55%
yes,
55%
one
54%
said,
48%
La-la-la-la-la-la-la
4%
No matching quizzes found
Score Distribution
Percent of People with Each Score
Percentile by Number Answered
Your Score History
You have not taken this quiz